Biserica Ortodoxă Română.

Bibliographic Details
Corporate Authors: Institutul Biblic și de Misiune Ortodoxă, Biserica Ortodoxă Română
Format: Journal
Language:Romanian
Published: București : Tipografia Institutului Biblic și de Misiune Ortodoxă.
Subjects:

MARC

Tag First Indicator Second Indicator Subfields
LEADER 00000cas a2200000 4500
001 in00001415921
005 20151020061622.0
008 771129c18uu9999rm mr p 0 b0rum
010 |a  58018430  
035 |a (OCoLC)03451985 
035 |9 AHN9742AM 
040 |a DLC  |c YUS  |d IUL  |d BTI  |d DLC  |d TXA  |d UtOrBLW 
049 |a TXAE 
050 0 0 |a BX690  |b .B5 
245 0 0 |a Biserica Ortodoxă Română. 
246 1 5 |a Église orthodoxe roumaine  |f <Ian./Feb. 1964-Sept./Oct. 1975> 
246 1 0 |a Buletinul oficial al Patriarhiei Romîne 
264 1 |a București :  |b Tipografia Institutului Biblic și de Misiune Ortodoxă. 
300 |a volumes :  |b illustrations, music. ;  |c 24 cm. 
336 |a text  |b txt  |2 rdacontent 
337 |a unmediated  |b n  |2 rdamedia 
338 |a volume  |b nc  |2 rdacarrier 
500 |a Description based on: anul 116, number 1-2 (Januarie-Februarie 1978). 
500 |a At head of title: Patriarhia Romînă. Institutul Biblic și de Misiune Ortodoxă. 
500 |a Title varies slightly. 
550 |a Vols. for <Noem./Dec. 1952>-Ian./Feb. 1979 published by Institutul Biblic și de Misiune Ortodoxă. 
610 2 0 |a Biserica Ortodoxă Română  |x Periodicals. 
710 2 |a Institutul Biblic și de Misiune Ortodoxă. 
710 2 |a Biserica Ortodoxă Română. 
948 |a C:BS  |a Inactive Gift from Dr. J. Harner 
999 |a MARS 
999 f f |s 4e013359-8e1e-3028-9696-b438ceac90d5  |i 5c34a501-31ae-3a4f-83eb-f53112f0861b  |t 0 
952 f f |p ric  |a Texas A&M University  |b Rellis Campus  |c Joint Library Facility  |d Remote Storage  |t 0  |e BX690 .B5  |h Library of Congress classification  |i unmediated -- volume  |k anul 96:no.1/2-3/4  |l 1978:Jan./Feb.-Mar./Apr.  |m A14822510191 
952 f f |p ric  |a Texas A&M University  |b Rellis Campus  |c Joint Library Facility  |d Remote Storage  |t 0  |e BX690 .B5  |h Library of Congress classification  |i unmediated -- volume  |k anul 96:no.5/6-7/8  |l 1978:Mai/Junie-Julie/Aug.  |m A14822510248 
998 f f |a BX690 .B5  |s anul 96:no.1/2-7/8 (1978:Jan./Feb.-Julie/Aug.)  |t 0  |l Remote Storage